| 000 | 00952nam a2200205Ia 4500 | ||
|---|---|---|---|
| 003 | Ost | ||
| 005 | 20260507075642.0 | ||
| 008 | 260507s9999||||xx |||||||||||||| ||und|| | ||
| 040 | _cfsecg | ||
| 041 | _aara | ||
| 082 | _a658.7 | ||
| 100 |
_aحنفي، عبد الغفار _eمؤلف |
||
| 245 | 0 |
_aإدارة المواد والإمداد / _c عبد الغفار حنفي |
|
| 260 |
_aالإسكندرية: _bدار الجامعة الجديدة, _c2002 |
||
| 300 |
_a412 صفحة؛ _bإيضاحات ؛ _c24 سم |
||
| 520 | _aأهمية إدارة الموارد والإمداد- تخطيط الإحتياجات من المواد وإعداد الموازنة، الشراء من الخارج (الإعتمادات المستديمة، شراء الأجهزة الرأسمالية- النماذج التحديدية للرقابة على المخزون | ||
| 653 | _aإدارة الموارد | ||
| 653 | _aالإمداد | ||
| 942 | _cكتاب | ||
| 999 |
_c45426 _d45426 |
||